Bahnhöfe in Potsdam - Statistiken

Allgemein
  • Dieses Quiz wurde 155 mal gespielt
  • Das Durchschnittsergebnis liegt bei 8 aus 11
Antwortstatistiken
Antwort % Korrekt
Potsdam Hauptbahnhof
99%
Potsdam Medienstadt Babelsberg
88%
Potsdam-Babelsberg
86%
Potsdam-Griebnitzsee
83%
Golm
82%
Potsdam-Charlottenhof
75%
Potsdam Park Sanssouci
75%
Potsdam-Rehbrücke
70%
Potsdam-Pirschheide
63%
Marquardt
34%
Priort
19%
Keine übereinstimmenden Quizze gefunden
Verteilung der Resultate
Anzahl Personen mit jedem Resultat
Perzentil nach korrekt beantworteten Fragen
Ihre Resultats-Entwicklung
Sie haben dieses Quiz noch nicht gespielt